Inward investors get London opportunites (Record no. 72165)

MARC details
000 -LEADER
fixed length control field 00958cam a2200181 4500
001 - CONTROL NUMBER
control field WB3908-19
008 - FIXED-LENGTH DATA ELEMENTS--GENERAL INFORMATION
fixed length control field 030226n2003 000 0 eng u
035 ## - SYSTEM CONTROL NUMBER
System control number (Sirsi) u121442
245 ## - TITLE STATEMENT
Title Inward investors get London opportunites
260 ## - PUBLICATION, DISTRIBUTION, ETC.
Date of publication, distribution, etc. 2003
490 ## - SERIES STATEMENT
Series statement London First Centre News Release
Volume/sequential designation 26 February 2003 (2)
520 ## - SUMMARY, ETC.
Summary, etc. London First Centre has published "Locating in London" which highlights that falling rents, shorter lease terms and increased availability of office accomodation is providing foreign-owned companies with good conditions for setting up or expanding their operations in London. Copies of "Locating in London " are available to download from http://www.lfc.co.uk/business_briefings/bb_1857.pdf or t +44 (0)20 7665 1503 http://www.lfc.co.uk/press_centre/newsreleasedetail.asp?L2=40&NewsReleaseId=1861&print=1
590 ## - LOCAL NOTE (RLIN)
Local note WB
650 ## - SUBJECT ADDED ENTRY--TOPICAL TERM
Topical term or geographic name entry element LONDON
650 ## - SUBJECT ADDED ENTRY--TOPICAL TERM
Topical term or geographic name entry element PROPERTY INVESTMENT
690 ## - LOCAL SUBJECT ADDED ENTRY--TOPICAL TERM (OCLC, RLIN)
Topical term or geographic name as entry element INVESTMENT
942 ## - ADDED ENTRY ELEMENTS (KOHA)
Suppress in OPAC 0
Holdings
Withdrawn status Lost status Source of classification or shelving scheme Damaged status Not for loan Home library Current library Shelving location Date acquired Total Checkouts Full call number Barcode Date last seen Copy number Price effective from Koha item type
    Dewey Decimal Classification     London London News article 26/02/2003   WB3908-19 121442-1001 06/08/2019 1 06/08/2019 News article